<?xml version="1.0" encoding="UTF-8"?><?xml-stylesheet type="text/xsl" href="static/style.xsl"?><OAI-PMH xmlns="http://www.openarchives.org/OAI/2.0/" xmlns:xsi="http://www.w3.org/2001/XMLSchema-instance" xsi:schemaLocation="http://www.openarchives.org/OAI/2.0/ http://www.openarchives.org/OAI/2.0/OAI-PMH.xsd"><responseDate>2026-04-17T22:53:54Z</responseDate><request verb="GetRecord" identifier="oai:www.recercat.cat:2072/421527" metadataPrefix="marc">https://recercat.cat/oai/request</request><GetRecord><record><header><identifier>oai:recercat.cat:2072/421527</identifier><datestamp>2024-10-29T16:44:59Z</datestamp><setSpec>com_2072_98</setSpec><setSpec>col_2072_378196</setSpec></header><metadata><record xmlns="http://www.loc.gov/MARC21/slim" xmlns:dcterms="http://purl.org/dc/terms/" xmlns:xsi="http://www.w3.org/2001/XMLSchema-instance" xmlns:doc="http://www.lyncode.com/xoai" xsi:schemaLocation="http://www.loc.gov/MARC21/slim http://www.loc.gov/standards/marcxml/schema/MARC21slim.xsd">
   <leader>00925njm 22002777a 4500</leader>
   <datafield ind2=" " ind1=" " tag="042">
      <subfield code="a">dc</subfield>
   </datafield>
   <datafield ind2=" " ind1=" " tag="720">
      <subfield code="a">Errando-Smet, Carlos</subfield>
      <subfield code="e">author</subfield>
   </datafield>
   <datafield ind2=" " ind1=" " tag="720">
      <subfield code="a">Universitat Autònoma de Barcelona. Departament de Medicina</subfield>
      <subfield code="e">author</subfield>
   </datafield>
   <datafield ind2=" " ind1=" " tag="720">
      <subfield code="a">Universitat Autònoma de Barcelona. Facultat de Medicina</subfield>
      <subfield code="e">author</subfield>
   </datafield>
   <datafield ind2=" " ind1=" " tag="260">
      <subfield code="c">2013</subfield>
   </datafield>
   <datafield ind2=" " ind1=" " tag="520">
      <subfield code="a">Se evalúa la calidad de vida (CdV) tras implante de cabestrillo suburetral ajustable (Remeex). Se analizan 54 mujeres, clasificadas mediante Prueba de la tos, Qtip, y Urodinamia en: incontinencia de orina recidivada (IOEr: 25 casos) e incontinencia esfinteriana intrínseca (IEI:29 casos). La CdV se evalúa mediante el cuestionario específico Kings Health (KH).</subfield>
   </datafield>
   <datafield ind2=" " ind1=" " tag="520">
      <subfield code="a">S'avalua la qualitat de vida (QdV) després de l'implant de cabestret suburethral ajustable (Remeex). S'analitzen 54 malaltes, classificades mitjançant la prova de la tos, Qtip i uriodinàmica en: incontinència urinària recidivada (IOEr: 25 casos) i incontinència esfinteriana intrínseca (IEI: 29 casos). La CdV s'avalua mitjançant el qüestionari específic King's Health (KH).</subfield>
   </datafield>
   <datafield tag="653" ind2=" " ind1=" ">
      <subfield code="a">Enuresi</subfield>
   </datafield>
   <datafield tag="653" ind2=" " ind1=" ">
      <subfield code="a">Incontinència urinària</subfield>
   </datafield>
   <datafield ind2="0" ind1="0" tag="245">
      <subfield code="a">Valoración de la calidad de vida tras implante de cabestrillo ajustable tipo remeex en incontinencia de orina femenina recidivada o insuficiencia esfinteriana intrínseca</subfield>
   </datafield>
</record></metadata></record></GetRecord></OAI-PMH>